Interconnect-centric design for advanced SoC and NoC /

Bibliographic Details
Other Authors: Nurmi, Jari
Format: Book
Language:English
Published: Boston : Kluwer Academic Publishers, [2004]
Subjects:

MARC

Tag First Indicator Second Indicator Subfields
LEADER 00000cam a22000004a 4500
001 in00002012113
005 20151031152953.0
008 040409s2004 maua b 000 0 eng
010 |a  2004045945 
020 |a 1402078358 (alk. paper) 
035 |a (OCoLC)ocm55000703 
040 |a DLC  |c DLC  |d C#P  |d TXA  |d UtOrBLW 
042 |a pcc 
049 |a TXAM 
050 0 0 |a TK7874.53  |b .I573 2004 
082 0 0 |a 621.3815  |2 22 
245 0 0 |a Interconnect-centric design for advanced SoC and NoC /  |c edited by Jari Nurmi [and others]. 
264 1 |a Boston :  |b Kluwer Academic Publishers,  |c [2004] 
264 4 |c ©2004 
300 |a vi, 453 pages :  |b illustrations ;  |c 25 cm. 
336 |a text  |b txt  |2 rdacontent 
337 |a unmediated  |b n  |2 rdamedia 
338 |a volume  |b nc  |2 rdacarrier 
504 |a Includes bibliographical references (pages 451-453). 
650 0 |a Interconnects (Integrated circuit technology) 
650 0 |a Systems on a chip. 
700 1 |a Nurmi, Jari. 
948 |a cataloged  |b h  |c 2004/12/14  |d c  |e ceaton  |f 3:14:25 pm 
994 |a C0  |b TXA 
999 |a MARS 
999 f f |s 403a36fb-7f32-3b06-a61d-6eba31de3243  |i 99335f41-9263-345e-9543-130ac99667de  |t 0 
952 f f |p normal  |a Texas A&M University  |b College Station  |c Sterling C. Evans Library  |d Evans: Library Stacks  |t 0  |e TK7874.53 .I573 2004  |h Library of Congress classification  |i unmediated -- volume  |m A14831630275 
998 f f |a TK7874.53 .I573 2004  |t 0  |l Evans: Library Stacks